[Event "19th Delhi GM Open 2022"]
[Site "Delhi"]
[Date "2022.03.28"]
[Round "9.5"]
[White "Lalith Babu M R"]
[Black "Abdisalimov, Abdimalik"]
[Result "1-0"]
[WhiteElo "2563"]
[BlackElo "2435"]
[Annotator "TA"]
[PlyCount "87"]
[EventDate "2022.03.22"]
[EventType "swiss"]
[EventCountry "IND"]
[SourceTitle "playchess.com"]
[Source "ChessBase"]
[SourceQuality "1"]

{[%evp 24,87,108,108,116,96,98,90,114,131,150,152,146,130,148,143,208,189,142,60,52,30,91,86,91,97,116,104,147,140,78,0,29,33,38,0,0,0,0,0,0,0,0,0,0,0,0,-35,-27,-126,0,0,0,0,101,0,206,187,187,187,284,154,318,286,654,352]} 1. d4 Nf6 2. c4 e6 3. Nf3 c5 4. d5 exd5 5. cxd5 d6 6. Nc3 g6 7. h3 Bg7 8. e4 O-O 9. Bd3 Re8 10. O-O a6 11. a4 c4 12. Bc2 Nbd7 13. Be3 Qc7 {A70: Modern Benoni: 6 e4 g6 7 Nf3.} 14. Qe2 Rb8 15. Rfd1 b6 {White is better.} 16. Nd2 b5 17. axb5 axb5 18. Ra7 Qd8 19. Nf3 $1 {[#]} Nc5 $146 (19... Ne5 $16) ({Predecessor:} 19... b4 20. Nd4 Bb7 21. Nc6 Qc8 22. Nb5 Bf8 23. Nxb8 Qxb8 24. Qxc4 Rc8 25. Qe2 {1-0 (26) Lehr,M (2123)-Shannon,P (1955) ICCF email 2013}) 20. e5 $1 $18 Nfd7 21. exd6 (21. e6 $1 $16) 21... Ba6 22. Ne4 Nxe4 (22... Rb7 $1 $11 23. Rxb7 (23. Nxc5 Nxc5 24. Rxb7 Bxb7 $14) 23... Bxb7 24. Nxc5 Nxc5) 23. Rxa6 $16 Ndc5 24. Rc6 Bf8 25. Nd2 ({Of course not} 25. Bxc5 $6 Nxc5 26. Qd2 Bxd6 $11) 25... Nxd2 (25... Bxd6 $142 26. Nxe4 Nxe4) 26. Qxd2 Nb7 27. Qb4 {White is much more active.} (27. Ba7 $16) 27... Rxe3 28. fxe3 Nxd6 29. Qc5 Qg5 30. Qd4 ({Reject} 30. Rxd6 Qg3 31. Rxg6+ hxg6 $17) 30... Re8 {[%cal Bb8e8,Be8e2,Be2d2][%mdl 32]} 31. Qf4 Qxf4 32. exf4 Re2 33. Rc1 b4 $1 34. b3 c3 35. Ra6 Rd2 {[%mdl 1024] Black has compensation.} 36. Ra2 (36. Ra5 $1 $11 {keeps the balance.}) 36... Nb5 (36... Nf5 $1 $17 {[%cal Rf5d4] Hoping for ...Nd4.} 37. Rd1 (37. Ra8 $2 Nd4 $19) 37... Bc5+ 38. Kh2 Ne3 39. Rxd2 cxd2) 37. Rd1 $1 $11 Bc5+ $1 38. Kh2 $1 {Threatens to win with Rxd2.} Be3 (38... Re2 $11 {remains equal.}) 39. Kg3 (39. Rxd2 $16 Bxf4+ 40. g3 Bxd2 41. Ra5) 39... Rxd1 (39... Bf2+ $11 {and Black has nothing to worry.} 40. Kh2 Kf8) 40. Ra8+ Kg7 41. Bxd1 Kf6 {[#]} (41... Nc7 $142 42. Rd8 g5 43. fxg5 Bxg5) 42. Kf3 ({White must play} 42. Rb8 $1 $18 {[%cal Rb8b5]} Nd4 43. d6) 42... Bc1 $2 (42... Bg1 $16 43. Ra6+ Ke7) 43. Rb8 $18 Nc7 (43... Nd4+ 44. Ke4 c2 {[#]} 45. Bxc2 $1 {[%mdl 512]} Nxc2 46. Rc8 Bxf4 47. Kxf4 $18) (43... Nd6 44. Rxb4 g5 45. fxg5+ Bxg5) 44. d6 {Weighted Error Value: White=0.23 (precise) /Black=0.51} 1-0

[Event "19th Delhi GM Open 2022"]
[Site "Delhi"]
[Date "2022.03.28"]
[Round "9.6"]
[White "Visakh N R"]
[Black "Gusain, Himal"]
[Result "0-1"]
[WhiteElo "2522"]
[BlackElo "2408"]
[Annotator "TA"]
[PlyCount "46"]
[EventDate "2022.03.22"]
[EventType "swiss"]
[EventCountry "IND"]
[SourceTitle "playchess.com"]
[Source "ChessBase"]
[SourceQuality "1"]

{[%evp 9,46,33,31,7,18,-5,10,10,17,6,8,19,12,-24,-4,-95,-95,-115,-111,-118,-107,-234,-243,-236,-245,-283,-272,-465,-465,-469,-468,-451,-463,-1115,-1067,-5481,-5481,-1800,-1710]} 1. d4 d5 2. c4 e6 3. Nf3 a6 4. Bg5 Be7 5. Bxe7 Qxe7 6. Nc3 {D30: Queen's Gambit Declined: Systems without Nc3.} Nf6 {[#]} 7. g3 $146 ({Predecessor:} 7. e3 O-O 8. Rc1 Rd8 9. Qc2 Nbd7 10. cxd5 exd5 11. Bd3 Nf8 12. O-O c6 13. Rb1 {½-½ (37) Saric,A (2497)-Predojevic,B (2642) Rijeka 2011}) 7... dxc4 8. Qa4+ {The position is equal.} Nbd7 9. Qxc4 c5 $1 10. dxc5 Nxc5 11. a4 {To avoid b5} O-O {[%cal Ob7b5] White must now prevent ...b5!} 12. Rc1 (12. b4 $11 {keeps the balance.} Ncd7 13. Bg2) 12... Bd7 $17 {[%cal Ob7b5]} 13. a5 Rac8 {And now ...e5 would win.} 14. Bg2 {[#]} e5 $1 {[%cal Be6e5,Be5e4,Be4d3][%mdl 32] Strongly threatening ...e4.} 15. Qa2 {[#] This costs White the game.} (15. Qh4 $17 {was the only defense.}) 15... e4 $1 $19 16. Nd4 Qe5 17. Rd1 Nd3+ $1 18. exd3 $2 (18. Rxd3 exd3 19. e3) 18... exd3+ {Black is clearly winning.} ({Less strong is} 18... Qxd4 19. dxe4 Qb4 20. O-O $14) 19. Kf1 Qxd4 20. h3 Rfe8 {[%cal Oe8e2] ( -> ...Re2!)} 21. Qb3 {[#]} (21. Kg1 $142 d2 22. Bf3) 21... Re2 $1 {[%mdl 512]} 22. Nxe2 (22. Qb6 Rc5) 22... dxe2+ {[%mdl 64] Discovered Attack} 23. Kxe2 Bb5+ {Weighted Error Value: White=0.83/Black=0.02 (flawless)} 0-1

[Event "19th Delhi GM Open 2022"]
[Site "Delhi"]
[Date "2022.03.28"]
[Round "9.7"]
[White "Iniyan, P."]
[Black "Viani Antonio Dcunha"]
[Result "1/2-1/2"]
[WhiteElo "2516"]
[BlackElo "2397"]
[Annotator "TA"]
[PlyCount "72"]
[EventDate "2022.03.22"]
[EventType "swiss"]
[EventCountry "IND"]
[SourceTitle "playchess.com"]
[Source "ChessBase"]
[SourceQuality "1"]

{[%evp 19,72,16,7,0,4,2,18,0,18,0,0,0,15,4,16,0,0,1,0,-10,-15,-13,-15,-12,0,-3,-4,-30,-35,-41,-37,-44,-45,-118,-124,-126,-105,-102,-91,-91,-80,-86,-85,-111,-64,-61,-12,-15,0,-2,0,-22,0,-10,0]} 1. d4 d5 2. c4 c6 3. Nf3 Nf6 4. Nc3 e6 5. Bg5 h6 6. Bxf6 Qxf6 7. e3 g6 8. Bd3 Bg7 9. O-O dxc4 10. Bxc4 Nd7 {10...0-0 is vanishing.} 11. a4 {D43: Semi-Slav: 5 Bg5 h6.} O-O 12. a5 Rb8 13. Qc2 b6 14. axb6 axb6 15. Ra7 Bb7 {[%cal Bc8b7,Bb7d5,Bd5b3][%mdl 32]} 16. Rd1 Qd8 {[#]} 17. Ne4 $146 ({Predecessor:} 17. Ne5 b5 18. Nxd7 Qxd7 19. Be2 Qd8 20. Ne4 Qb6 21. Qc5 Qxc5 22. Nxc5 Bc8 23. f4 {1-0 (48) Logothetis,S (2212)-Kounalakis,E (2190) Porto Rio 2014}) 17... Qc7 {Prevents Nd6.} 18. Ba6 c5 {[%cal Ob7e4]} 19. Qb3 {[#]} Bd5 $1 {This bishop pair is nice.} 20. Rxc7 Bxb3 21. Rc1 Nf6 22. Ned2 Bd5 23. Ne5 Ra8 24. Bc4 cxd4 25. exd4 Rfc8 26. Bb5 ({Not} 26. Rxf7 $2 b5 27. b3 bxc4 28. Ndxc4 Nh5 $19) (26. Rxc8+ $15 Rxc8 27. Nb3) 26... Rxc7 $17 27. Rxc7 Ne4 28. Nf1 Nd6 (28... Ra2 {seems wilder.} 29. Be8 Nd6 30. Bc6 Bxc6 31. Rxc6 Nb5) 29. Bc6 {[#]} Bxc6 30. Nxc6 {[%cal Od4d5]} Ra1 {And now ...Ne4 would win.} 31. g4 Ne4 (31... Rd1 $17 32. d5 exd5) 32. Kg2 $15 Ra2 (32... Rb1 $1 $15 33. Ng3 Nxg3 34. Kxg3 Rxb2) 33. Rc8+ $11 {The position is equal.} Kh7 34. Rc7 Kg8 35. Rc8+ Kh7 (35... Bf8 $5 {[%cal Ra2b2]}) 36. Rc7 Kg8 {Weighted Error Value: White=0.09 (flawless) /Black=0.09 (flawless)} 1/2-1/2

[Event "19th Delhi GM Open 2022"]
[Site "Delhi"]
[Date "2022.03.28"]
[Round "9.8"]
[White "Saptarshi, Roy"]
[Black "Karthik Venkataraman"]
[Result "0-1"]
[WhiteElo "2402"]
[BlackElo "2485"]
[Annotator "TA"]
[PlyCount "78"]
[EventDate "2022.03.22"]
[EventType "swiss"]
[EventCountry "IND"]
[SourceTitle "playchess.com"]
[Source "ChessBase"]
[SourceQuality "1"]

{[%evp 18,78,24,17,50,4,64,52,53,0,16,0,0,0,0,-7,0,-8,45,-65,281,-199,-167,-304,-313,-362,-368,-354,-376,-360,-360,-385,-355,-301,-375,-390,-387,-381,-376,-355,-351,-687,-709,-718,-717,-718,-708,-709,-708,-683,-699,-690,-680,-679,-667,-6567,-6033,-29973,-29974,-29970,-29971,-29980,-29981]} 1. e4 c5 2. Nc3 Nc6 3. Nf3 d6 4. d4 cxd4 5. Nxd4 Nf6 6. Bg5 e6 7. Qd2 a6 8. O-O-O Bd7 {[%cal Bc8d7,Bd7c6,Bc6b7,Bb7d5][%mdl 32] 8...Bd7 is better than 8...h6.} 9. f3 Nxd4 10. Qxd4 Be7 {B67: Sicilian: Richter-Rauzer: 7...a6 8 0-0-0 Bd7, lines without 9 f4 Be7.} 11. Be3 (11. g4 $14 {deserves consideration.}) 11... b5 (11... h5 $11) 12. g4 $1 $14 O-O {White is slightly better.} 13. Qd2 (13. Kb1 $14) 13... Bc6 14. Ne2 Nd7 15. Nd4 Bb7 16. g5 d5 {[#]} 17. h4 $146 ({Predecessor:} 17. f4 Nc5 18. e5 Ne4 19. Qe1 Bc5 20. Bg2 Qc7 21. Nb3 Rfc8 22. Bxc5 Nxc5 23. Nd4 a5 24. Kb1 {1-0 (39) Osmanodja,F (2206)-Goli,L Maribor 2012}) 17... dxe4 {[#]} ({Black should try} 17... Re8 $11) 18. h5 (18. Nxe6 fxe6 19. Qxd7 Bd5 20. Qxd8 Raxd8 21. fxe4 Bxe4 22. Rxd8 Bxd8 $11) ({White should play} 18. Nf5 $1 $14 exf5 19. Qxd7) 18... exf3 $2 {[%mdl 8192] [#]} (18... Ne5 $15 19. g6 h6) 19. g6 $4 {[%mdl 8192]} (19. Nxe6 $1 $18 {[%mdl 512] is the narrow road to win.} fxe6 20. Qxd7 Qxd7 21. Rxd7) 19... Bd5 (19... fxg6 20. Nxe6 Qc8 21. Qxd7 $18) 20. Bd3 (20. Bh3 {is a better defense.} Ne5 21. h6 Nxg6 22. hxg7) 20... Ne5 $19 {[%cal Rf7g6]} 21. Kb1 fxg6 (21... hxg6 $2 22. hxg6 fxg6 23. Qh2 Nxd3 24. Rxd3 $19) 22. hxg6 hxg6 (22... h6 23. Bxh6 Bh4 24. Be3 $17 (24. Bxg7 $2 Kxg7 25. Qc3 Rh8 $19)) 23. Qh2 Nxd3 24. Rxd3 f2 (24... Kf7 25. Nxf3 Bf6 26. Rg1 $15) 25. Qh7+ Kf7 26. Nxe6 Kxe6 27. Qxg6+ Rf6 28. Qg4+ Kf7 29. Qh5+ $2 (29. Rf1 Kg8 30. Bxf2) 29... g6 30. Qh7+ Ke8 31. Bxf2 Bxh1 ({Weaker is} 31... Rxf2 32. Qxg6+ Rf7 33. Qg8+ (33. Rh5 $2 Qd6 $19) 33... Rf8 34. Qg6+ Rf7 35. Qg8+ (35. Rh5 $2 Qd6 $19) 35... Rf8 36. Qg6+ Rf7 $11) 32. Rxd8+ Rxd8 {[%cal Rd8d1]} 33. Qh8+ Rf8 {[%cal Rd8d1]} 34. Qxh1 Rxf2 35. a4 bxa4 {aiming for ...Rdd2.} 36. Qc6+ Kf7 {( -> ...Rd1+)} 37. Qxa4 Rdd2 {Black mates.} 38. Qc4+ Kg7 39. Qxa6 Rxc2 {Weighted Error Value: White=1.03/Black=0.37} 0-1

[Event "19th Delhi GM Open 2022"]
[Site "Delhi"]
[Date "2022.03.28"]
[Round "9.9"]
[White "Mirzoev, Azer"]
[Black "Divya Deshmukh"]
[Result "1/2-1/2"]
[WhiteElo "2468"]
[BlackElo "2301"]
[Annotator "TA"]
[PlyCount "85"]
[EventDate "2022.03.22"]
[EventType "swiss"]
[EventCountry "IND"]
[SourceTitle "playchess.com"]
[Source "ChessBase"]
[SourceQuality "1"]

{[%evp 17,85,27,24,2,18,0,0,0,0,3,26,5,8,9,5,5,6,12,12,7,8,6,8,9,6,7,10,9,19,6,26,30,8,0,32,0,54,0,0,0,0,-37,0,0,0,0,0,0,0,0,0,0,74,69,49,-1148,-1142,-1137,0,-1036,0,0,0,0,0,0,0,0,0,0]} 1. Nf3 d5 2. c4 e6 3. d4 Nf6 4. g3 Be7 5. Bg2 O-O 6. O-O dxc4 7. Qc2 c6 8. Qxc4 b5 9. Qc2 Bb7 10. Rd1 {D30: Queen's Gambit Declined: Systems without Nc3.} Nbd7 11. Ne5 Nxe5 12. dxe5 Nd5 13. Nc3 Qb6 {[#]} 14. a4 $146 ({Predecessor:} 14. Ne4 c5 15. Bg5 Nb4 16. Qc1 Bxg5 17. Qxg5 Bxe4 18. Bxe4 Rad8 19. a3 Nd5 20. Rd2 {0-1 (44) Zhao,X (2556)-Kosteniuk,A (2472) St Petersburg 2012}) 14... b4 15. Ne4 b3 16. Qd3 Ba6 17. Qf3 Rad8 {To avoid Nd6} 18. Bg5 Bxg5 19. Nxg5 {And now Qe4 would win.} h6 20. Ne4 c5 21. a5 Qc7 22. Qxb3 Qxe5 23. Nxc5 Bxe2 24. Re1 Qh5 25. a6 Rb8 {Inhibits Qb7.} 26. Qa3 {Bxd5 is the strong threat.} (26. Nb7 $5 {[%cal Rf2f3]}) 26... Nf6 (26... Rfd8 $11) 27. Rac1 (27. h3 $14) 27... Rb6 $11 28. h4 Rd8 29. Nb7 Rd2 (29... Rd3 $5 {[%cal Rd3a3]} 30. Rc8+ Kh7 $15) 30. Rc8+ Kh7 31. Nc5 (31. Qf8 Bxa6 32. Rd8 Rxf2 $1 33. Kxf2 Rxb2+ 34. Kg1 Bxb7 35. Bxb7 Qf5 36. Qg8+ (36. Rf1 {gets mated.} Qc2) 36... Kg6 $19) 31... Qf5 (31... Rbxb2 $2 32. Ne4 Qf5 33. Nxd2 Rxd2 34. Qe3 $18) 32. Qe3 {[%csl LRd2,LRe2]} Rbxb2 {[%cal Oe2a6] Strongly threatening ...Bxa6!} 33. Ne4 $1 Ng4 34. Qxa7 Rd1 (34... Bf3 $11 {keeps the balance.} 35. Nxd2 Rxd2) 35. Rxd1 $16 {Really sharp!} Bxd1 36. Nd6 $2 {[%mdl 8192] Active counter play!} (36. Rc5 $14 e5 37. Rc1) 36... Qa5 $19 {( -> ...Qe1+)} 37. Qxf7 Qe1+ 38. Bf1 {[#]} Rxf2 $2 (38... Nf6 $1 $19 39. Ne4 {[#]} Rxf2 $3 {[%mdl 512]} 40. Nxf6+ Rxf6 41. Qg8+ Kg6 42. Qe8+ Rf7 43. Qxf7+ Kxf7 44. Rc7+ Kf6) 39. Qg8+ $11 {The position is equal.} Kg6 {[%csl Gf2][%cal Re1f1]} 40. Qe8+ Kh7 {[%csl Gf2][%cal Re1f1]} 41. Qg8+ Kg6 {[%csl Gf2][%cal Re1f1]} 42. Qe8+ Kh7 {[%csl Gf2][%cal Re1f1]} 43. Qg8+ {Weighted Error Value: White=0.33/Black=0.42} 1/2-1/2

[Event "19th Delhi GM Open 2022"]
[Site "Delhi"]
[Date "2022.03.28"]
[Round "9.10"]
[White "Karthikeyan, P.."]
[Black "Tahbaz, Arash"]
[Result "0-1"]
[WhiteElo "2396"]
[BlackElo "2469"]
[Annotator "TA"]
[PlyCount "88"]
[EventDate "2022.03.22"]
[EventType "swiss"]
[EventCountry "IND"]
[SourceTitle "playchess.com"]
[Source "ChessBase"]
[SourceQuality "1"]

{[%evp 17,88,38,48,0,7,0,0,0,0,0,0,-29,-39,-32,-30,-114,-98,-112,-47,-42,-27,-57,-46,-56,-45,-38,-47,-15,-22,-68,-37,-34,0,0,50,43,56,56,72,54,59,0,0,0,89,32,127,118,116,-272,-277,-270,-269,-265,-270,-269,-270,-260,-260,-263,-259,-260,-260,-315,-239,-256,-236,-449,-435,-29989,-29990,-29990,-29991]} 1. d4 g6 2. e4 Bg7 3. c4 d6 4. Nc3 e5 5. Nf3 exd4 6. Nxd4 Nc6 7. Be3 Nge7 8. Be2 O-O 9. Qd2 f5 {[%cal Bf7f5,Bf5f4,Bf4f3,Bf3g2][%mdl 32]} 10. Nxc6 {A42: Modern Defence: Averbakh Variation.} (10. O-O $14) 10... bxc6 $11 11. Bd4 Bxd4 12. Qxd4 {The position is equal.} c5 13. Qd2 Bb7 14. Bd3 f4 {[#]} 15. Nd5 $146 ({Predecessor:} 15. g3 f3 16. h4 Nc6 17. h5 g5 18. h6 Ne5 19. Rh5 Kh8 20. O-O-O Rg8 21. Nd5 {0-1 (57) Baarslag,E (2109)-Vereggen,L (2336) Vlissingen 2017}) 15... f3 16. O-O-O (16. g3 $11) 16... fxg2 $17 17. Rhg1 Bxd5 ({Black should try} 17... Nxd5 $17 18. exd5 Qh4 19. Rxg2 Rae8) 18. cxd5 $15 Rf3 $1 19. Rxg2 Qf8 20. Rf1 Qf6 21. Be2 Rf4 22. f3 Rb8 {[%cal Ba8b8,Bb8b4,Bb4d4][%mdl 32]} 23. Re1 (23. h3 $11 {might be stronger.}) 23... Rb4 24. a3 Rd4 25. Qa5 c6 (25... Rfxe4 $11 26. fxe4 Qf4+ 27. Kb1 Qxe4+ 28. Bd3 Qxd3+ 29. Ka1 Nxd5) 26. Qd8+ $14 (26. Qxa7 cxd5 27. Bb5 Rxf3 28. exd5 Qf4+ 29. Kb1 Re4 $17) 26... Kg7 27. dxc6 Nxc6 28. Qc7+ (28. Qc8 Ne5 29. Rd1 Nxf3 30. Qd7+ (30. Bxf3 $2 Rxf3 31. Rxd4 cxd4 $19) 30... Kh6 31. Qh3+ Qh4 32. Qxh4+ Nxh4 33. Rxd4 cxd4 $19) 28... Ne7 29. Qxa7 (29. Rd1 $14) 29... Kh6 $1 $11 30. Qc7 d5 (30... Nd5 $11 31. exd5 Rd2) 31. Qxc5 (31. e5 $1 $16 {[%cal Re5f6]} Qe6 32. Qd6) 31... dxe4 ({Black should play} 31... Rxf3 $14 32. Qxd4 (32. Bxf3 Rc4+ 33. Qxc4 dxc4 $11) 32... Qxd4 33. Bxf3 Nc6) 32. fxe4 $16 Rfxe4 {Threatens to win with ...Qh4.} 33. Rd1 $2 {[%mdl 8192] [#] Now White is beyond hope.} (33. Kb1 $1 $16 {is necessary to keep the advantage.}) 33... Rxe2 $1 $19 {[%mdl 512] Chess con chili.} 34. Qxd4 {[#]} Qc6+ 35. Kb1 Qxg2 36. Qh4+ Kg7 37. Qd4+ Kf7 38. Qc4+ Kf6 39. Qd4+ Kf5 40. Ka1 Qe4 {Strongly threatening ...Qxd4.} ({Weaker is} 40... Qxh2 41. Rf1+ Kg5 42. Qf6+ Kh6 43. Qf8+ Kh5 44. Qf3+ Kg5 45. Qf6+ Kh6 46. Qf8+ Kh5 47. Qf3+ Kg5 48. Qf6+ $11) 41. Rf1+ Kg5 42. Qf6+ (42. Rg1+ {is a better defense.} Kh6 43. Qxe4 Rxe4 44. Rg3) 42... Kh5 43. Rf4 (43. h3 $19) 43... Re1+ 44. Ka2 Qd5+ {Weighted Error Value: White=0.60/Black=0.16 (very precise)} 0-1

[Event "19th Delhi GM Open 2022"]
[Site "Delhi"]
[Date "2022.03.28"]
[Round "9.11"]
[White "Nigmatov, Ortik"]
[Black "Borgaonkar Akshay"]
[Result "1-0"]
[WhiteElo "2445"]
[BlackElo "1985"]
[Annotator "TA"]
[PlyCount "59"]
[EventDate "2022.03.22"]
[EventType "swiss"]
[EventCountry "IND"]
[SourceTitle "playchess.com"]
[Source "ChessBase"]
[SourceQuality "1"]

{[%evp 11,59,31,30,21,49,44,52,43,56,34,47,63,47,55,65,56,64,64,119,99,180,114,293,291,389,387,382,279,269,310,303,306,304,291,490,484,510,505,543,543,645,645,1581,1550,4886,2619,5920,5787,1922,1645]} 1. e4 c6 2. d4 d5 3. e5 Bf5 4. Nf3 e6 5. Be2 Ne7 6. O-O h6 7. a4 {B12: Caro-Kann: Advance Variation.} a5 8. Na3 Nd7 9. b3 {White is slightly better.} g5 10. c4 Bg7 11. cxd5 exd5 {[#]} 12. Bd3 $146 ({Predecessor:} 12. Nc2 O-O 13. Ne3 Be4 14. h4 gxh4 15. Bd3 h3 16. Nh4 hxg2 17. Nexg2 c5 18. f4 {1-0 (24) Ketelhoehn,B (2367)-Packroff,H (2140) ICCF email 2020}) 12... Bg6 13. Bxg6 (13. Nc2 {is more complex.} Nf8 14. Ne3 Ne6 15. Ba3 Qd7 16. Re1) 13... Nxg6 14. Nc2 {[%cal Ba3c2,Bc2e3,Be3f5][%mdl 32]} O-O (14... Ndf8 $14) 15. Ne3 $16 {[%cal Oh2h4]} Re8 (15... f6 $16) 16. h4 $18 gxh4 $2 {Black cannot hold the game after this.} (16... Nxh4 $2 17. Nxh4 gxh4 18. Nf5 $18) (16... Ndf8 $16) 17. Nf5 {[%mdl 64] [#] Discovered Attack} c5 18. Bxh6 Bh8 19. Nd6 {[%csl LRb7,LRe8] And now Ng5 would win.} (19. Bg5 Qb6 20. N3xh4 cxd4 $18) 19... cxd4 20. Nxe8 Qxe8 21. Re1 (21. Nxd4 Qxe5 22. Be3 Qe4 $18) (21. Qxd4 Ndxe5 22. Nxe5 (22. Qxd5 Nxf3+ 23. Qxf3 Bxa1 $16) 22... Bxe5 23. Qxd5 Bxa1 $16) 21... Ra6 22. Nxd4 {[%cal Bf3d4,Bd4f5,Bf5e7][%mdl 32] Threatens to win with f4.} ({Resist} 22. Qxd4 $6 Ndxe5 23. Qxd5 Ne7 24. Rxe5 (24. Qxb7 Nxf3+ 25. Qxf3 Rxh6 $16) 24... Bxe5 25. Qxe5 (25. Qxb7 Rxh6 26. Nxe5 Nc6 $16) 25... Rxh6 $18) 22... Ngxe5 $2 (22... Bxe5 {was necessary.} 23. f4 Ne7) 23. Qh5 {White is clearly winning.} Qd8 24. Nf5 Rg6 25. Bf4 Bf6 26. Rad1 {Prevents Nd3.} Qb6 27. Bxe5 Nxe5 {[#]} 28. Rxe5 $1 {[%mdl 512]} Bxe5 (28... Qd8 29. Rexd5) 29. Ne7+ {[%mdl 64] Discovered Attack, Double Attack} Kg7 30. Qxe5+ {Weighted Error Value: White=0.06 (flawless) /Black=0.52} 1-0

[Event "19th Delhi GM Open 2022"]
[Site "Delhi"]
[Date "2022.03.28"]
[Round "9.12"]
[White "Rohith Krishna S"]
[Black "Vignesh N R"]
[Result "1/2-1/2"]
[WhiteElo "2304"]
[BlackElo "2444"]
[Annotator "TA"]
[PlyCount "46"]
[EventDate "2022.03.22"]
[EventType "swiss"]
[EventCountry "IND"]
[SourceTitle "playchess.com"]
[Source "ChessBase"]
[SourceQuality "1"]

{[%evp 9,46,21,24,0,0,0,10,-1,27,24,27,0,0,0,0,0,0,-8,-4,-27,-17,-74,-81,-96,-29,-14,26,32,34,18,37,0,50,0,20,0,33,0,30]} 1. d4 d5 2. c4 e6 3. Nf3 Nf6 4. Nc3 a6 5. cxd5 exd5 6. Qc2 {D37: Queen's Gambit Declined: 5 Bf4.} Bd6 7. Bg5 {[%cal Oc3d5] Threatening Nxd5!} Be6 8. e3 Nbd7 9. Bd3 c6 $1 {9...c6 scores better than 9...h6.} 10. O-O-O h6 {[#]} 11. Bf4 $146 ({Predecessor:} 11. Bh4 Qa5 12. Kb1 O-O-O 13. Nd2 Qc7 14. Na4 g5 15. Bg3 Bxg3 16. hxg3 Qd6 17. Ka1 {0-1 (52) Salcedo,P (2151)-Cardoso Cardoso,J (2457) Medellin 2021}) 11... Qc7 12. Bxd6 Qxd6 13. Kb1 O-O 14. h3 Rfc8 15. Nh4 (15. g4 $11 {remains equal.}) 15... c5 $17 16. Nf5 {[#]} Bxf5 (16... Qf8 $1 $17) 17. Bxf5 $11 c4 18. f3 Ne8 19. e4 Nc7 20. Na4 (20. g4 $5 {[%cal Rg4g5]}) 20... Ne6 (20... Rd8 $1 $11) 21. Nc3 Nc7 22. Na4 Ne6 23. Nc3 Nc7 $1 {Weighted Error Value: White=0.21 (precise) /Black=0.11 (very precise)} 1/2-1/2

[Event "19th Delhi GM Open 2022"]
[Site "Delhi"]
[Date "2022.03.28"]
[Round "9.13"]
[White "Aradhya, Garg"]
[Black "Deepan Chakkravarthy J."]
[Result "1/2-1/2"]
[WhiteElo "2236"]
[BlackElo "2520"]
[Annotator "TA"]
[PlyCount "57"]
[EventDate "2022.03.22"]
[EventType "swiss"]
[EventCountry "IND"]
[SourceTitle "playchess.com"]
[Source "ChessBase"]
[SourceQuality "1"]

{[%evp 17,57,11,70,47,39,-12,-13,-14,0,0,0,0,0,0,0,5,0,0,43,43,62,43,45,0,0,14,11,10,8,6,6,7,12,0,0,0,0,0,0,0,0,0]} 1. d4 Nf6 2. Nf3 g6 3. g3 Bg7 4. Bg2 O-O 5. c4 c5 6. Nc3 d6 7. O-O Nc6 8. dxc5 dxc5 9. Be3 Nd7 ({Better is} 9... Ng4 $11) 10. Rc1 {E65: King's Indian: Fianchetto: 6...c5 7 0-0 without d5 by White.} b6 {[#]} 11. h4 $146 (11. Rc2 $14) ({Predecessor:} 11. Qd2 Bb7 12. Bh6 Nf6 13. Qxd8 Raxd8 14. Bxg7 Kxg7 15. e3 {½-½ (15) Portnoy,Y (1952)-Alekseev,E (2122) Uljanovsk 2007}) 11... Bb7 $11 12. h5 Nf6 13. h6 Bh8 14. Ne5 Qc8 15. Nd5 {[#] Threatens to win with Nxc6.} Re8 16. Nxc6 Bxc6 17. b4 cxb4 (17... Ng4 $11 {should be considered.}) 18. Qb3 $14 Qb7 19. Rfd1 {White is much more active. Black has bad knights.} a5 {[%cal Ba7a5,Ba5a4][%mdl 32]} 20. a3 e6 {The position is equal.} 21. Nxf6+ Bxf6 22. Bxc6 Qxc6 23. axb4 {Threatening b5.} a4 $132 {[%mdl 2048] Black is not keeping still} 24. Qa3 b5 $1 25. Bd4 Bg5 26. Be3 Bf6 ({Don't take} 26... Bxe3 27. Qxe3 e5 28. Rd5 $16) 27. Bd4 Bg5 28. Be3 Bf6 ({Don't do} 28... Bxe3 29. Qxe3 e5 30. Rd5 $16) 29. Bd4 {Weighted Error Value: White=0.09 (flawless) /Black=0.09 (flawless)} 1/2-1/2